| 000 | 00749nam a2200253 i 4500 | ||
|---|---|---|---|
| 001 | 16030 | ||
| 003 | ES-MaACL | ||
| 005 | 20250812062558.0 | ||
| 007 | t| | ||
| 008 | 000619s1999 sp ||||0| spa j | ||
| 020 | _a84-8109-221-5 Galaxia Gutenberg | ||
| 040 |
_aM-BN _bspa _cM-BN |
||
| 080 | _a821.134.2-4"19" | ||
| 080 | _a7 | ||
| 100 | 1 |
_aSaura, Antonio. _9103994 |
|
| 245 | 1 | 0 |
_aFijeza _b: ensayos / _cAntonio Saura ; [edición al cuidado de Susana Pellicer]. |
| 250 | _a1ª ed. | ||
| 260 |
_aBarcelona : _bGalaxia Gutenberg : _bCírculo de Lectores, _c1999. |
||
| 300 |
_a382 p. ; _c22 cm. |
||
| 650 | 1 | 7 |
_aArte _2embne _910068 |
| 700 | 1 |
_aPellicer, Susana. _990088 |
|
| 852 |
_aES-MaACL _jL-23328 _bR.128501 |
||
| 999 |
_c16030 _d16030 |
||